[Event "FRA-chT1 1011"]
[Site "France"]
[Date "2010.11.14"]
[Round "3.3"]
[White "Schmid, Pablo"]
[Black "Minery, Guillaume"]
[Result "1-0"]
[WhiteElo "2082"]
[BlackElo "1917"]
[PlyCount "61"]
[EventDate "2010.10.17"]
[EventType "team-tourn"]
[EventRounds "11"]
[EventCountry "FRA"]
[SourceTitle "EXT 2012"]
[Source "ChessBase"]
[SourceDate "2011.11.24"]
[SourceVersion "1"]
[SourceVersionDate "2011.11.24"]
[SourceQuality "1"]

1. e4 c5 2. Nf3 d6 3. d4 cxd4 4. Nxd4 Nf6 5. Nc3 g6 6. Be2 Bg7 7. 0-0 0-0 8. Bf3 Nbd7 9. Re1 Qb6 10. Nb3 Ne5 11. Bg5 Be6 12. Nd5 Bxd5 13. exd5 Rac8 14. Be2 a6 15. Rc1 Ne4 16. Be3 Nc5 17. f4 Ned7 18. Bg4 f5 19. Bf3 Qd8 20. Nd4 Bxd4 21. Bxd4 Nf6 22. c4 Nce4 23. g4 h6 24. Qe2 Kh7 25. h4 e5 26. dxe6 Ng3 27. Qg2 Nfe4 28. Bxe4 Nxe4 29. Rxe4 fxe4 30. Qxe4 Qxh4 31. Qxb7+ 1-0